Fundamentals of financial accounting

Αποθηκεύτηκε σε:
Λεπτομέρειες βιβλιογραφικής εγγραφής
Κύριος συγγραφέας: Welsch, Glenn A.
Άλλοι συγγραφείς: Short, Daniel G.
Μορφή: Βιβλίο
Γλώσσα:English
Δημοσίευση: Homewood, Ill. : Irwin, 1987
Έκδοση:5th ed.
Σειρά:Robert N. Anthony/Willard J. Graham series in accounting
Θέματα:
Ετικέτες: Προσθήκη ετικέτας
Δεν υπάρχουν, Καταχωρήστε ετικέτα πρώτοι!

MARC

LEADER 00000cam a2200000 i 4500
001 1/20535
008 950814s1987 eng d
020 |a 0256036144 ((cover)) 
020 |a 0256036136 
035 |l 10021565 
040 |a GR-MY-UA  |b gre  |e aacr 
041 0 |a eng 
082 0 |a 657  |2 (19) 
100 1 |a Welsch, Glenn A. 
245 1 0 |a Fundamentals of financial accounting /  |c Glenn A. Welsch, Daniel G. Short 
250 |a 5th ed. 
260 |a Homewood, Ill. :   |b Irwin,   |c 1987 
300 |a xviii, 958 p.;  |b ill.;  |c 25 cm 
490 1 |a Robert N. Anthony/Willard J. Graham series in accounting 
504 |a Includes bibliographical references and index 
650 0 0 |a Accounting. 
700 1 |a Short, Daniel G. 
830 0 |a Robert N. Anthony/Willard J. Graham series in accounting 
852 |a INST  |b CHIOS  |e 19950814  |h 657 WEL  |p 005200001176  |q 005200001176  |t BK  |y 0 
909 |a Χ  |b 007480